| Поле | Название | Значение |
| |
Тип записи |
a |
| |
Библиографический уровень |
m |
| 001 |
Контрольный номер |
RU/SLIB/B/208747997 |
| 005 |
Дата корректировки |
20201206204119.6 |
| 010 |
Индекс ISBN |
__ |
| d |
Цена |
100-00 |
| 101 |
Язык документа |
__ |
| a |
Язык текста |
rus |
| 200 |
Заглавие и сведения об ответственности |
1_ |
| a |
Заглавие |
Изучение литературы в 9 классе |
| e |
Сведения, относящиеся к заглавию |
метод. пособие для учителя |
| f |
Первые сведения об ответственности |
Маранцман В. Г. |
| b |
Общее обозначение материала |
Текст |
| 205 |
Сведения об издании |
__ |
| a |
Основные сведения об издании |
2-е изд. |
| 210 |
Выходные данные |
__ |
| a |
Место издания |
М. |
| c |
Издательство |
Просвещение |
| d |
Дата издания |
1992 |
| 215 |
Физическое описание |
__ |
| a |
Объем |
208 с. |
| 600 |
Персоналии |
__ |
| a |
Персоналии (Фамилия) |
Эсхил |
| 600 |
Персоналии |
__ |
| a |
Персоналии (Фамилия) |
Данте Алигьери |
| 600 |
Персоналии |
__ |
| a |
Персоналии (Фамилия) |
Петрарка, Ф. |
| 600 |
Персоналии |
__ |
| a |
Персоналии (Фамилия) |
Боккаччо, Д. |
| 600 |
Персоналии |
__ |
| a |
Персоналии (Фамилия) |
Шекспир, У. |
| 600 |
Персоналии |
__ |
| a |
Персоналии (Фамилия) |
Никитин, А. Л. |
| 600 |
Персоналии |
__ |
| a |
Персоналии (Фамилия) |
Грибоедов, А. С. |
| 600 |
Персоналии |
__ |
| a |
Персоналии (Фамилия) |
Пушкин, А. С. |
| 600 |
Персоналии |
__ |
| a |
Персоналии (Фамилия) |
Лермонтов, М. Ю. |
| 600 |
Персоналии |
__ |
| a |
Персоналии (Фамилия) |
Гоголь, Н. В. |
| 606 |
Тематические рубрики |
__ |
| a |
Основная рубрика |
Образование. Педагогика |
| 606 |
Тематические рубрики |
__ |
| a |
Основная рубрика |
Методика преподавания учебных предметов |
| 610 |
Ключевые слова |
__ |
| a |
Ключевые слова |
Возрождение; зарубежная литература; античность; преподавание литературы; методика преподавания; методика преподавания литературы; персоналии; поэты; писатели; прозаики; методические рекомендации; русская литература; классическая литература |
| 686 |
Индексы других классификаций |
__ |
| a |
Классификационный индекс |
74.268.3; В74.26я81 |
| 700 |
Автор |
_1 |
| a |
Фамилия |
Маранцман |
| b |
Имя |
В. Г. |
| 4 |
Код отношения |
070 |
| 801 |
Источник записи |
_0 |
| a |
Страна |
RU |
| b |
Организация |
Муниципальное бюджетное учреждение культуры "Централизованная библиотечная система" г. Сургут (Центральная городская библиотека им. А. С. Пушкина) |
| g |
Правила каталогизации |
КиК/Уланова |
| 801 |
Источник записи |
_1 |
| a |
Страна |
RU |
| b |
Организация |
Муниципальное бюджетное учреждение культуры "Централизованная библиотечная система" г. Сургут (Центральная городская библиотека им. А. С. Пушкина) |
| g |
Правила каталогизации |
КиК/Уланова |
| 852 |
Данные о местонахождении |
__ |
| j |
Шифр хранения |
74.268.3я81 |
| i |
Авторский знак |
М 25 |
| p |
Инвентарный номер |
49414 |
| 901 |
Тип документа |
__ |
| t |
Тип документа |
m |
| 969 |
Тип издания |
__ |
| a |
Тип издания |
методическое пособие |
| 990 |
Данные о заказе (DOS) |
__ |
| j |
Количество экземпляров (DOS) |
3 |